LEADER 01184nam a2200241 4500 001 000000346720 003 CaOOAMICUS 005 20210624091927.0 008 210621s1968 it 000 u ita r 040 $aSeMil$bita 100 1 $aFranzi, Francesco.$0(OLS)http://semarc/name/39117 245 10$aMaria educatrice della Chiesa :$bcommento all'Esortazione Apostolica «Signum magnum» /$cP. Francesco Franzi. 264 1$aRoma :$bCentro Mariano Monfortano,$c1968. 300 $a191 p. ;$c22 cm 490 1 $a«Mater Ecclesiae» ;$v5 650 4$aPaolo VI - Esortazioni apostoliche . Signum magnum.$0(OLS)http://semarc/subject/50573 650 4$aMaria - Meditazioni.$0(OLS)http://semarc/subject/7299 830 1$a«Mater Ecclesiae» ;$v5.$0(OLS)http://semarc/title/435942 850 $aSeMil 852 $aSeMil$W1$xVenegono$y1$m2L II 411$j227251$B237913$CSeMilBibl$Z2$F237913 $81 996 $6245$aMaria educatrice della Chiesa :$bcommento all'Esortazione Apostolica «Signum magnum»$9(OLS)http://semarc/title/435940 996 $6264$aRoma :$bCentro Mariano Monfortano$9(OLS)http://semarc/publisher/40825 LEADER 01092nam a2200253 i 4500 001 000000070756 003 CaOOAMICUS 005 20120110000000.0 008 120110s1976 it u000 u ita u 013 $a41928 040 $aSeMil$bita 100 1 $aLanaro, Silvio.$0(OLS)http://semarc/name/29158 245 10$aSocietà e ideologie nel Veneto rurale (1866-1898) /$cSilvio Lanaro. 260 $aRoma :$bEdizioni di Storia e Letteratura,$c1976. 300 $a277 p. ;$c26 cm. 490 0 $aPolitica e storia : raccolta di studi e testi ;$v36 650 4$aVeneto - Società - Secolo 19.$0(OLS)http://semarc/subject/14113 650 4$aVicenza.$0(OLS)http://semarc/subject/8176 830 0$aPolitica e storia ;$v36.$0(OLS)http://semarc/title/33504 850 $aSeMil 852 $aSeMil$W1$xVenegono$y1$m3T VI 178$j36909$B36909$CSeMilBibl$Z2$F36912 $81 961 $aAcquisto: Casa editrice 996 $6245$aSocietà e ideologie nel Veneto rurale (1866-1898)$9(OLS)http://semarc/title/113663 996 $6260$aRoma :$bEdizioni di Storia e Letteratura$9(OLS)http://semarc/publisher/29779